Los regm̕enes econm̤icos matrimoniales Cuaderno III

Detalles Bibliográficos
Otros Autores: Lled ̤Yagüe, Francisco, Domňech Salvador, Adela Mara̕
Formato: Capítulo de libro
Lenguaje:español
Publicado: Madrid : Dykinson, 2011
Colección:Cuadernos prc̀ticos Bolonia Familia III
Materias:
Acceso en línea:Acceso restringido

MARC

LEADER 00000naa a22000007a 4500
005 20111010114542.0
008 111010s2011 sp |||||s|||| 00||0 spa d
020 |a 978-84-9982-131-3  
035 |a 5761 
040 |a vLex 
090 |c 2641  |d 2641 
245 0 4 |a Los regm̕enes econm̤icos matrimoniales  |h [Recurso electrn̤ico] /  |c coordinador Dr. Francisco Lled ̤Yagüe   |n Cuaderno III 
256 |a Servicio en ln̕ea. 
260 |a Madrid :  |b Dykinson,  |c 2011 
300 |a 1 recurso electrn̤ico 
506 1 |a Contenido solo disponible en los productos indicados  |d vLex Global  |d vLex Global (Academic Edition, excluding Law Schools)  |d vLex Global (U.S. Academic Edition, Law Schools)  |d vLex Global (U.S. Academic Edition, excluding Law Schools)  |d vLex Global (Academic Edition, Law Schools) 
650 0 4 |a Matrimonio  |x Derecho y legislacin̤  |z Espaą 
700 1 |a Lled ̤Yagüe, Francisco  
700 1 |a Domňech Salvador, Adela Mara̕  
740 0 |a vLex Libros (Servicio en ln̕ea) 
830 0 |a Cuadernos prc̀ticos Bolonia  |p Familia  |v III 
856 4 0 |u http://vlex.com/source/cuadernos-practicos-bolonia-familia-regimenes-economicos-matrimoniales-5761  |z Acceso restringido 
942 |c BOOK